Statistics for Breezeblocks - Alt J lyrics

Click here to take the quiz!

General Stats

  • This quiz has been taken 186 times
  • The average score is 213 of 272

Answer Stats

Answer% Correct
do
98%
breezeblocks
98%
her
98%
so
97%
the
96%
love
95%
go
95%
you
95%
and
95%
to
94%
i
93%
clothes
92%
she
92%
down
92%
hold
91%
may
91%
away
90%
my
90%
soggy
89%
contain
89%
run
89%
with
89%
but
88%
urge
86%
don't
86%
please
85%
where
83%
know
81%
me
80%
your
80%
heart
80%
they
79%
wild
76%
things
76%
take
75%
break
75%
kisses
72%
here
71%
honey
71%
again
69%
toe
69%
of
66%
never
65%
along
64%
up
63%
eat
63%
full
63%
muscle
63%
gripped
62%
queen
62%
fear
60%
as
59%
jump
59%
stops
59%
fever's
59%
vaccine
59%
whole
58%
ever
58%
send
57%
all
56%
has
55%
now
55%
i'll
52%
are
52%
morphine
52%
la la la
51%
breakfast
50%
let's
49%
lovely
49%
build
47%
hand
47%
grips
45%
weep
44%
eyes
43%
sinks
42%
she's
42%
sleep
41%
bruises
40%
shut
39%
scene
35%
pistol
32%
disinfect
32%
cetirizine
26%
shots
26%
splutters
23%
coughs
23%
germolene
20%
hey
16%

Score Distribution

Percentile by Number Answered

Percent of People with Each Score

Your Score History

You have not taken this quiz